000 01389nam a22003017a 4500
005 20081003095653.0
008 081003t xxu||||| |||| 00| 0 hin d
010 _aHIN-84255
020 _a81867300518
_c400.00
035 _aHN-56601
037 _bDBAD / VEN
040 _aDPL
_bHN
082 _a144
100 _aबुद्ध प्रकाश
245 _aमानवताद और आतंकवाद /
_cबुद्ध प्रकाश
246 _aMaanavavaad aura Aatankavaada
_bby Budh Prakash
260 _aदिल्ली
_bराज पब्लिशिंग हाउस
_c2007
270 _a9/5123, पुराना सीलमपुर (पूर्व)
_bदिल्ली
_e110031
_k22503781
300 _a352पृ
_c22सेमी (सजिल्द)
500 _aभाग-1
650 _aमानववाद
650 _aHumanism
650 _aआतंकवाद
650 _aTerrorism
942 _2ddc
_cHN
_mबुद्धप्र
_h144
999 _c16146
_d16146